Cases for reflection and analysis : (Record no. 14615)

000 -LEADER
fixed length control field 00769nam a22002057a 4500
008 - FIXED-LENGTH DATA ELEMENTS--GENERAL INFORMATION
fixed length control field 161006b xxu||||| |||| 00| 0 eng d
020 ## - INTERNATIONAL STANDARD BOOK NUMBER
International Standard Book Number 0205372732
020 ## - INTERNATIONAL STANDARD BOOK NUMBER
International Standard Book Number 9780205372737
050 ## - LIBRARY OF CONGRESS CALL NUMBER
Classification number LC 3981
Item number .H35 2003
100 ## - MAIN ENTRY--PERSONAL NAME
Personal name Hallahan, Daniel P.
245 ## - TITLE STATEMENT
Title Cases for reflection and analysis :
Remainder of title for Exceptional learners : introduction to special education/
Statement of responsibility, etc. Daniel P. Hallahan and James M.Kauffman.
250 ## - EDITION STATEMENT
Edition statement 9th ed.
260 ## - PUBLICATION, DISTRIBUTION, ETC. (IMPRINT)
Place of publication, distribution, etc. Boston
Name of publisher, distributor, etc. Allyn and Bacon,
Date of publication, distribution, etc. ©2003.
300 ## - PHYSICAL DESCRIPTION
Extent v, 57p. :
Dimensions 22cm.
650 ## - SUBJECT ADDED ENTRY--TOPICAL TERM
Topical term or geographic name as entry element Special education
General subdivision United States.
650 ## - SUBJECT ADDED ENTRY--TOPICAL TERM
Topical term or geographic name as entry element Special education
General subdivision United States
Chronological subdivision Case studies.
650 ## - SUBJECT ADDED ENTRY--TOPICAL TERM
Topical term or geographic name as entry element Special education.
700 ## - ADDED ENTRY--PERSONAL NAME
Personal name Kauffman, James M.
942 ## - ADDED ENTRY ELEMENTS (KOHA)
Source of classification or shelving scheme
Koha item type Hard Covered Materials
Classification part LC 3981.H35 2003
Holdings
Withdrawn status Lost status Source of classification or shelving scheme Damaged status Not for loan Home library Current library Shelving location Date acquired Source of acquisition Total Checkouts Full call number Barcode Date last seen Price effective from Koha item type
          MACHAKOS UNIVERSITY LIBRARY MACHAKOS UNIVERSITY LIBRARY Technical section 06/10/2016 Donation (BFA)   LC 3981.H35 2003 26385 14/06/2018 06/10/2016 Hard Covered Materials
© Machakos University Library, Along The Highway, Machakos Wote Rd, Machakos, Kenya P.O. Box 136 - 90100 Machakos - Kenya

Tel: ( +254 ) 723 805829 OR Fax : 044-20353 OR Email: library@mksu.ac.ke